000 00677nam a2200181 a 4500
005 20140310183600.0
008 111122s19uu xx 00 eng d
020 _a9789810698768
050 _aTK 5105.5
_b.R926 2008
245 _aNetwork fundamentals :
_bCCNA exploration labs and study guide /
_cAtoon Rufi, Priscilla Oppenheimer, Belle Woodward, Gerlinde Brady - editors.
260 _aIndiana, USA :
_bCISCO Press,
_c2008.
300 _a370 p. :
_bill. ;
_c26 cm.
521 _aIT
650 _aComputer networks
_xExaminations
_xStudy guides
650 _aTelecommunication engineers
_xCertification
_xExaminations
_xStudy guides
942 _cBK
_2lcc
_kFOR
999 _c25073
_d25073